000 00550nam a2200193Ia 4500
003 OSt
005 20220826145847.0
008 190216s9999||||xx |||||||||||||| ||und||
020 _a9788182640467
040 _coclc
082 _a954.83
_bLOG/M
100 1 _aLogan, William,
_d1841-1914
_92672
245 0 _aMalabar Manual /
_cWilliam Logan
250 _a7th Ed.
260 _bMathrubhumi Printing &publishing,
_aKozhikode:
_c2009.
300 _a434p
650 _aHistory
942 _cBK
_2ddc
_h954.83
_iLOG/M
_k954.83
_mLOG/M
999 _c21347
_d21347